Uczestnicy Euro 2024 - nagła śmierć - Statystyki

Ogólne statystyki
  • Ten quiz został rozwiązany 148 razy
  • Średni wynik to 6 z 11
Answers on the Grid
Answers color-coded by a green-red scale on the quiz's grid according to % correct below.
Anglia
Austria
Bośnia
Finlandia
Gruzja
Hiszpania
Irlandia
Islandia
Litwa
Mołdawia
Niemcy
Norwegia
Polska
Portugalia
Słowacja
Słowenia
Szkocja
Szwecja
Turcja
Włochy
 
Statystyki odpowiedzi
Odpowiedź % Poprawnych
Anglia
95%
Austria
75%
Hiszpania
75%
Portugalia
63%
Polska
62%
Gruzja
61%
Niemcy
61%
Włochy
40%
Szkocja
35%
Turcja
33%
Słowenia
13%
Nie znaleziono quizów pasujących do podanych kryteriów
Rozkład punktacji
Procent ludzi z każdym wynikiem
Percentyl według liczby udzielonych odpowiedzi
Twoja historia wyników
Nie rozwiązałeś tego quizu